ALL Ariana Grande Songs - Statistics

General Stats
  • This quiz has been taken 107 times
  • The average score is 63 of 156
Answer Stats
Track # Song % Correct
10 7 rings
80%
11 thank u, next
80%
2 34+35
75%
17 34+35 remix
75%
2 Dangerous Woman
75%
6 sweetener
75%
5 God is a woman
70%
5 eternal sunshine
68%
12 positions
68%
1 Intro
64%
1 intro (end of the world)
64%
3 One Last Time
64%
7 Santa Tell Me - NaughtyVersion
64%
12 My Everything
61%
10 no tears left to cry
61%
14 pov
61%
5 Side To Side
61%
4 Into You
59%
2 Problem
59%
9 yes, and?
59%
17 yes, and? remix
59%
1 Honeymoon Avenue
57%
8 The Way
57%
13 Bang Bang
55%
12 break up with your girlfriend, i'm bored
55%
6 | 14 supernatural
55%
8 the boy is mine
55%
10 we can't be friends (waitfor your love)
55%
4 bloodline
52%
2 bye
52%
14 pete davidson
52%
3 NASA
50%
- Stuck with U (Ariana Grande, Justin Bieber)
50%
3 the light is coming
50%
2 Baby I
48%
2 blazed
48%
11 borderline
48%
5 Break Free
48%
- Focus
48%
13 goodnight n go
48%
1 imagine
48%
9 Love Me Harder
48%
1 raindrops (an angel cried)
48%
1 shut up
48%
- boyfriend (Ariana Grande, Social House),
45%
9 breathin
45%
- Die For You - Remix (The Weeknd, Ariana Grande)
45%
3 don't wanna break upagain
45%
9 Everyday
45%
5 fake smile
45%
8 ghostin
45%
1 Moonlight
45%
3 motive
45%
8 my hair
45%
2 needy
45%
4 Tattooed
45%
7 true story
45%
16 true story - acapella
45%
6 bad idea
43%
8 everytime
43%
7 Greedy
43%
13 ordinary things
43%
6 Piano
43%
- Rain On Me (Lady Gaga, ArianaGrande)
43%
4 R.E.M
43%
7 successful
43%
13 Touch It
43%
6 Best Mistake
41%
12 better off
41%
15 get well soon
41%
- I Don't Do Drugs (Doja Cat, Ariana Grande)
41%
11 i wish i hated you
41%
9 nasty
41%
3 Right There
41%
7 safety net
41%
16 test drive
41%
10 west side
41%
3 Be Alright
39%
- Bed (Nicki Minaj, Ariana Grande)
39%
12 Better Left Unsaid
39%
10 Just A Little Bit OfYour Heart
39%
7 make up
39%
5 off the table
39%
14 Only1
39%
11 Popular Song
39%
4 Santa Baby
39%
10 Almost Is Never Enough
36%
8 Break Your Heart Right Back
36%
7 Daydreamin'
36%
- Get On Your Knees (Nicki Minaj,Ariana Grande)
36%
12 imperfect for you
36%
15 imperfect for you - acoustic
36%
9 in my head
36%
7 Be My Baby
34%
6 Let Me Love You
34%
- Quit (Cashmere, Ariana Grande)
34%
4 Saturn Returns Interlude
34%
10 Sometimes
34%
18 worst behavior
34%
3 December
32%
1 Last Christmas
32%
11 love language
32%
5 Lovin' It
32%
19 main thing
32%
- Met Him Last Night (DemiLovato, Ariana Grande)
32%
- MONOPOLY (Ariana Grande, Victoria Monet)
32%
- Faith (Stevie Wonder, ArianaGrande)
30%
11 I Don't Care
30%
4 just like magic
30%
14 Knew Better/Forever Boy
30%
13 obvious
30%
- Oh Santa! (Mariah Carey, Ariana Grande, Jennifer Hudson)
30%
Put Your Hearts Up
30%
- Santa, Can't You Hear Me (Kelly Clarkson, Ariana Grande)
30%
6 six thirty
30%
15 Thinking Bout You
30%
5 True Love
30%
9 You'll Never Know
30%
- Adore (Cashmere, Ariana Grande)
27%
- All My Love (Major Lazer, ArianaGrande)
27%
12 Bad Decisions
27%
- Good as Hell (Lizzo, ArianaGrande)
27%
11 Hands On Me
27%
1 How I Look On You
27%
17 Jason's Song (Gave ItAway)
27%
8 Leave Me Lonely
27%
15 someone like u - interlude
27%
4 Why Try
27%
6 Winter Things
27%
2 Wit It This Christmas
27%
4 Got Her Own
25%
- My Favorite Part (Mac Miller,Ariana Grande)
25%
3 Snow In California
25%
16 Step On Up
25%
2 Bad To You
23%
- Over And Over Again (NathanSykes, Ariana Grande)
23%
- Research (Big Sean, ArianaGrande)
23%
3 You Can't Stop the Beat
23%
- A Hand For Mrs. Claus (IdinaMenzel, Ariana Grande)
20%
- Beauty and the Beast (ArianaGrande, John Legend)
20%
- Just Look Up (Ariana Grande, Kid Cudi)
20%
2 Love Is Everything
20%
15 You Don't Know Me
20%
2 Mama, I'm a Big Girl Now
18%
3 Nobody
18%
4 Not Just On Christmas
18%
- Rule The World (2 Chainz, ArianaGrande)
18%
- You Don't Own Me (Kristin Chenoweth, Ariana Grande)
16%
4 Come So Far (Got So Far to Go)
11%
1 Without Love
11%
2 A Little More Homework
9%
1 Brand New You
9%
- Still Hurting (Jason Robert Brown,Ariana Grande)
9%
3 It Can't Be True
7%
No matching quizzes found
Score Distribution
Percent of People with Each Score
Percentile by Number Answered
Your Score History
You have not taken this quiz